| 000 | 01028nam a2200373 a 4500 | ||
|---|---|---|---|
| 003 | AR-BaBNM | ||
| 005 | 20251128205506.0 | ||
| 008 | 082120s2002 ||||||||||||||000 | spa|| | ||
| 020 | _a950-808-048-5 | ||
| 040 | _cAR-BaBNM | ||
| 100 | 1 | _aPetras, James | |
| 245 | 0 | 0 |
_aAmérica Latina _bpobreza de la democracia y democracia de la pobreza |
| 260 |
_aRosario _bHomo Sapiens Ediciones _c1995 |
||
| 300 | _a169 p. | ||
| 490 | 0 | _aEstudios sociales | |
| 504 | _aContiene bibliografía al final de cada capítulo | ||
| 650 | 4 | _aPOBREZA | |
| 650 | 4 | _aDEMOCRACIA | |
| 650 | 4 | _aSISTEMAS POLITICOS | |
| 650 | 4 | _aPOLITICA EXTERIOR | |
| 650 | 4 | _aFUERZAS ARMADAS | |
| 650 | 4 | _aDICTADURA | |
| 650 | 4 | _aIMPERIALISMO | |
| 650 | 4 | _aSOCIALISMO | |
| 650 | 4 | _aPOLITICA ECONOMICA | |
| 651 | 4 | _aEstados Unidos | |
| 651 | 4 | _aAmérica Latina | |
| 653 | _aNEOLIBERALISMO | ||
| 653 | _aGLOBALIZACION | ||
| 700 | 1 |
_aMorley, Morris _ecolaborador |
|
| 700 | 1 |
_aPla, Alberto J. _eprologuista |
|
| 942 | _cBK | ||
| 998 | _csilvi | ||
| 999 |
_c11616 _d11616 |
||